000 00752nas a2200253 4500
001 BR2011005696
003 BR-BrBNA
005 20231205115641.0
007 ta
008 230509b bl.|||p| |||| 00| 00por d
040 _aBR-BrBNA
_bpor
_cBiblioteca Nacional de Agricultura
041 _a(Pt)
072 _aQ70
100 1 _aNali, M.S.
100 1 _aGuerrini, I.A.
245 1 _aMetodologia para coleta seletiva de resíduos sólidos industriais
650 _aRECICLAGEM
650 _aPLANEJAMENTO ADMINISTRATIVO
650 _aCAPACITAÇÃO
650 _aMÉTODO
773 0 _tEnergia na Agricultura (Brazil)
_xISSN 1808-8759
_g(2009), v. 24(4) p. 92-107
_wBR2011005696
909 _a202311
_bLúcia
_c55
_dLúcia Elande
942 _2AGRIS
_n0
_cANA
999 _c215029
_d215029